Los procesos geológicos internos

Gorde:
Xehetasun bibliografikoak
Egile nagusia: Pedrinaci, Emilio (Egilea)
Formatua: Liburua
Hizkuntza:gaztelania
Argitaratua: Madrid Síntesis 2001
Saila:Didáctica de las Ciencias Experimentales, 3
Gaiak:
Etiketak: Etiketa erantsi
Etiketarik gabe, Izan zaitez lehena erregistro honi etiketa jartzen!

MARC

LEADER 00000nam a2200000 a 4500
001 UCJ2242
003 CL-VaPUC
008 061201e20010000SP |||||||||||||||||spa|d
020 |a 8477388199 
082 0 4 |a 551  |b PED  |2 21 
100 0 |a Pedrinaci, Emilio  |e author  |9 66 
245 1 4 |a Los procesos geológicos internos 
300 |a 222 p 
942 |c BK 
945 |d 20061201 00:00:00  |a jtorresc 
260 |a Madrid  |b Síntesis  |c 2001 
650 0 |a Geología   |9 260984 
650 7 |a SEDIMENTOLOGIA  |2 CL-VaPUC  |9 361448 
650 0 |a Sismología  |9 268106 
583 |a last modification  |c 20061201 00:00:00  |k Rodrigo Vera 
490 0 |a Didáctica de las Ciencias Experimentales, 3 
999 |c 318592  |d 318590 
952 |0 0  |1 0  |4 0  |6 551_000000000000000_PED_2001  |7 0  |8 A  |9 396507  |a BIBING  |b BIBING  |d 2019-11-22  |i 4302923  |o 551 PED 2001  |p 4302923  |r 2025-01-20  |w 2019-11-22  |y BK  |k GEO